| 000 | 00614nam a2200217Ia 4500 | ||
|---|---|---|---|
| 008 | 191130s1997##################000#0#eng## | ||
| 020 | _a9781853464010 | ||
| 040 |
_aACL _cACL |
||
| 082 | _a307.76 HER | ||
| 100 | _aHerbert, David T | ||
| 245 |
_aCities in space : city as place _cDavid T Herbert and Colin J Thomas |
||
| 250 | _a3rd ed | ||
| 260 |
_aLondon _bDavid Fulton _c1997 |
||
| 300 | _avi, 378 p. : ill., maps ; 25 cm | ||
| 650 | _aHuman geography | ||
| 650 | _aUrban geography | ||
| 700 | _aThomas, Colin J | ||
| 990 | _a84f9de33ac10000c4187a17de04f3211 | ||
| 991 | _a100344 | ||
| 999 |
_c129710 _d129710 |
||